Estados de Venezuela - Estadísticas

Estadísticas generales
  • Esta prueba ha sido intentada 2.131 veces
  • La puntuación promedio es 17 de 24
Estadísticas de respuestas
Hint Respuesta % Correcto
zulia
90%
amazonas
88%
bolivar
87%
merida
82%
anzoategui
76%
carabobo
75%
tachira
75%
barinas
74%
falcon
73%
miranda
72%
apure
71%
lara
71%
delta amacuro
70%
distrito capital
69%
nueva esparta
69%
trujillo
68%
aragua
67%
monagas
67%
sucre
65%
guarico
64%
portuguesa
61%
cojedes
60%
vargas
60%
yaracuy
60%
No se encontraron pruebas coincidentes
Distribución de puntuación
Porcentaje de gente con cada puntuación
Porcentaje por número respondido
Historial de tus puntuaciones
No has intentado esta prueba.